Historia de una santa (Record no. 148275)

MARC details
000 -LEADER
campo de control de longitud fija 00656nam a2200181 4500
001 - NÚMERO DE CONTROL
campo de control 148275
003 - IDENTIFICADOR DE NÚMERO DE CONTROL
campo de control ES-MaACL
005 - FECHA Y HORA DE LA ÚLTIMA TRANSACCIÓN
campo de control 20230906202529.0
007 - CAMPO FIJO DE DESCRIPCIÓN FÍSICA--INFORMACIÓN GENERAL
campo de control de longitud fija t|
008 - DATOS DE LONGITUD FIJA--INFORMACIÓN GENERAL
campo de control de longitud fija 070214s1966 sp r ||||1| spa d
100 1# - ENTRADA PRINCIPAL--NOMBRE DE PERSONA
Nombre de persona Stopp, Elisabeth.
9 (RLIN) 108319
245 10 - MENCIÓN DEL TÍTULO
Título Historia de una santa
Resto del título : Madame de Chantal /
Mención de responsabilidad, etc. Elisabeth Stopp ; [versión española realizada por Manuel Delgado y Luis Horno Liria].
260 ## - PUBLICACIÓN, DISTRIBUCIÓN, ETC.
Lugar de publicación, distribución, etc. Madrid [etc.] :
Nombre del editor, distribuidor, etc. Rialp,
Fecha de publicación, distribución, etc. [1966] (
Fabricante Selecciones Gráficas)
300 ## - DESCRIPCIÓN FÍSICA
Extensión 462 p., 8 lám. :
Otras características físicas il. = retr. biogr. ;
Dimensiones 17 cm.
700 1# - ENTRADA AGREGADA--NOMBRE PERSONAL
Nombre de persona Delgado, Manuel.
9 (RLIN) 43422
700 1# - ENTRADA AGREGADA--NOMBRE PERSONAL
Nombre de persona Horno Liria, Luis.
9 (RLIN) 64232
852 ## - LOCALIZACIÓN
Ubicación ES-MaACL
Número de control de estantería C-29179
Sublocalización o colección R.59505
Holdings
Estatus retirado Estado de pérdida Estado de daño No para préstamo Biblioteca de origen Biblioteca actual Ubicación en estantería Fecha de adquisición Fuente de adquisición Total de préstamos Signatura topográfica completa Código de barras Visto por última vez Precio de reemplazo Tipo de ítem Koha
        Biblioteca del Ateneo de Madrid Biblioteca del Ateneo de Madrid Depósito 2 17/01/2008     C-29179 1154738 23/02/2023 23/02/2023 Libro impreso